Countries with more than one word Quiz Stats

 Plays Quiz not verified by Sporcle

Support Sporcle.
Go Orange.
Score 0/36 Timer 07:00
0 Plays Today
Country % Correct
United States
98.1%
United Kingdom
95%
South Korea
94.6%
North Korea
93.8%
New Zealand
92.3%
South Africa
90.7%
Democratic Republic of the Congo
90.3%
Dominican Republic
89.2%
Trinidad and Tobago
88.8%
South Sudan
88.4%
United Arab Emirates
86.9%
Central African Republic
86.5%
Papua New Guinea
86.5%
Saint Kitts and Nevis
86.5%
Republic of the Congo
85.7%
Saint Lucia
85.3%
Antigua and Barbuda
84.6%
São Tomé and Príncipe
84.6%
Country % Correct
San Marino
84.2%
Saint Vincent and the Grenadines
83.8%
Bosnia and Herzegovina
82.6%
Vatican City
82.6%
El Salvador
81.9%
Saudi Arabia
81.9%
Equatorial Guinea
80.3%
Guinea-Bissau
79.9%
Côte d'Ivoire
79.5%
Czech Republic
79.5%
Marshall Islands
79.2%
Costa Rica
78.4%
Burkina Faso
76.8%
Solomon Islands
76.4%
Timor-Leste
76.4%
Sri Lanka
74.5%
Sierra Leone
73.4%
Cape Verde
73%

You're not logged in!

Compare scores with friends on all Sporcle quizzes.
OR
Log In

From the Vault

The Gambler Clicky-oke

by manonthemoon

R.I.P. Kenny Rogers (1938-2020)
Remove Ads.
Support Sporcle.
Get the best of Sporcle when you Go Orange. This ad-free experience offers more features, more stats, and more fun while also helping to support Sporcle. Thank you for becoming a member.

Show Comments

Extras

Created Jan 8, 2013ReportNominate
Tags:Country Quiz, 1-word

Top Quizzes Today


Score Distribution

Your Account Isn't Verified!

In order to create a playlist on Sporcle, you need to verify the email address you used during registration. Go to your Sporcle Settings to finish the process.

Report this User

Report this user for behavior that violates our Community Guidelines.

Details: